1. FFC Turbine Potsdam Frauen Kader 24/25 - Statistiken

Allgemein
  • Dieses Quiz wurde 2 mal gespielt
  • Das Durchschnittsergebnis liegt bei 11 aus 28
Antwortstatistiken
Trikotnummer Position Spielerin % Korrekt
10 Angriff Adrijana Mori
100%
11 Abwehr Jennifer Cramer
100%
30 Tor Vanessa Fischer
100%
17 Mittelfeld Viktoria Schwalm
100%
7 Angriff Ena Taslidza
50%
4 Abwehr Irena Kuznezov
50%
29 Tor Lesley Lergenmüller
50%
5 Abwehr Lina Vianden
50%
34 Mittelfeld Luca Scheel
50%
23 Angriff Maria Almasri
50%
13 Abwehr Marike Dommasch
50%
16 Mittelfeld Maya Hahn
50%
6 Abwehr Mia Schmid
50%
50 Mittelfeld Noa Selimhodzic
50%
14 Mittelfeld Sara Ito
50%
2 Abwehr Shahar Nakav
50%
1 Tor Silia Plöchinger
50%
9 Mittelfeld Valentina Limani
50%
19 Mittelfeld Alisa Grincenco
0%
20 Angriff Bianca Schmidt
0%
24 Mittelfeld Caroline Krawczyk
0%
31 Abwehr Emilie Bernhardt
0%
18 Angriff Emily Lemke
0%
27 Abwehr Flavia Lüscher
0%
8 Mittelfeld Kim Schneider
0%
38 Angriff Laura Lindner
0%
25 Abwehr Suya Haering
0%
22 Angriff Thalia Dias de Souza
0%
Keine übereinstimmenden Quizze gefunden
Verteilung der Resultate
Anzahl Personen mit jedem Resultat
Perzentil nach korrekt beantworteten Fragen
Ihre Resultats-Entwicklung
Sie haben dieses Quiz noch nicht gespielt